LEADER 05300nam 2200793 450 001 9910141036803321 005 20210209131324.0 010 $a1-282-85197-7 010 $a9786612851971 010 $a1-897425-58-9 035 $a(CKB)2670000000069154 035 $a(EBL)624072 035 $a(OCoLC)671374018 035 $a(SSID)ssj0000416378 035 $a(PQKBManifestationID)12163960 035 $a(PQKBTitleCode)TC0000416378 035 $a(PQKBWorkID)10421677 035 $a(PQKB)11411107 035 $a(CaPaEBR)433550 035 $a(CaBNvSL)slc00224691 035 $a(MiAaPQ)EBC3269016 035 $a(MiAaPQ)EBC4837962 035 $a(MiAaPQ)EBC624072 035 $a(Au-PeEL)EBL624072 035 $a(CaONFJC)MIL285197 035 $a(oapen)https://directory.doabooks.org/handle/20.500.12854/45716 035 $a(VaAlCD)20.500.12592/09d3b0 035 $a(EXLCZ)992670000000069154 100 $a20170426h20102010 uy 0 101 0 $aeng 135 $aurcn#---||||| 181 $ctxt 182 $cc 183 $acr 200 10$aEcology & wonder in the Canadian Rocky Mountain Parks World Heritage Site$b[electronic resource] /$fRobert William Sandford ; with a foreword by James Thorsell 210 $cAthabasca University Press$d2010 210 1$aEdmonton, Alberta :$cAU Press,$d2010. 210 4$d©2010 215 $a1 online resource (379 p.) 311 $a1-897425-57-0 320 $aIncludes bibliographical references and index. 327 $aCOVER PAGE; CONTENTS; FOREWORD; ACKNOWLEDGEMENTS; Overview Map; INVOCATION: The Magnificent Seven; PART ONE: The West We Had: Foundations of Place; 1 A Walk into the Past: Setting a Context of Place; 2 The Creation: Monumentality and Place; 3 The Creation: People and Place Before European Contact; 4 Exchanging What We Had for What We Want: The Fur Trade Era in the Canadian West; 5 The Coming of Death: Diminishment and Loss among the First Peoples of the West; PART TWO: The West We Have: Making the Mountains Our Home 327 $a6 Giving Meaning to Mountains and Making Them Ours: Mountaineering and the Aesthetics of Place7 Brushes with Eternity: Landscape Art and Photography in the Canadian Rockies; 8 Crystal and Cold Blue Chasms: The Literature of the Canadian Rocky Mountain Parks World Heritage Site; 9 Stemming the Tide of Loss: The Give and Take of Modern Management In and Around the Mountain Parks; 10 Countering Dispossession: Saving Our Unique Mountain Culture; The East Slope: Flowing Toward the Atlantic; 11 The Birthplace of Canada's National Park Ideal: Banff National Park 327 $aThe North Slope: Flowing Toward the Arctic12 The Birthplace of Western and Northern Rivers: The Columbia Icefield and Jasper National Park; The West Slope: Flowing Toward the Pacific; 13 The Roof of the Canadian Rockies: Mount Robson Provincial Park; 14 Small, Remote, but Utterly Wild: Hamber Provincial Park; 15 The Geography of Wonder: Yoho National Park; 16 The Road to Radium: Kootenay National Park; 17 Matterhorn of the Rockies: Mount Assiniboine Provincial Park; PART THREE: The West We Want: Creating a Culture Worthy of Place 327 $a18 Respecting and Honouring the Great Bear: The Grizzly as a Symbol of the West We Want19 Seeing What Is Hidden in Plain Sight: Triumphing Over Diminishment and Loss; 20 Expanding the World Heritage Site Designation: Managing for Future Integrity Instead of Loss; 21 Creating a Culture Commensurate with Place; NOTES; INDEX; A; B; C; D; E; F; G; H; I; J; K; L; M; N; O; P; R; S; T; U; V; W; Y 330 $aEcology & Wonder makes several remarkable claims: The greatest cultural achievement in the Western Canadian mountain region may be what has been preserved, not what has been developed. Protecting the spine of the Rocky Mountains will preserve crucial ecological functions. Because the process of ecosystem diminishment and species loss has been slowed, an ecological thermostat has been kept alive. This may well be an important defence against future climate change impacts in the Canadian west. Ecology & Wonder is a must-read for those who appreciate Western Canada's breathtaking landscape. 606 $aNational parks and reserves$zCanadian Rocky Mountain Parks World Heritage Site (Alta. and B.C.)$xManagement 606 $aEnvironmental protection$zCanadian Rocky Mountain Parks World Heritage Site (Alta. and B.C.) 606 $aEcology$zCanadian Rocky Mountain Parks World Heritage Site (Alta. and B.C.) 607 $aCanadian Rocky Mountain Parks World Heritage Site (Alta. and B.C.)$xEnvironmental conditions 607 $aCanadian Rocky Mountain Parks World Heritage Site (Alta. and B.C.)$xHistory 610 $aenvrionment 610 $anature 610 $aclimate change 610 $anational parks 615 0$aNational parks and reserves$xManagement. 615 0$aEnvironmental protection 615 0$aEcology 676 $a333.7209712332 700 $aSandford$b Robert W.$0801133 702 $aThorsell$b James 801 0$bMiAaPQ 801 1$bMiAaPQ 801 2$bMiAaPQ 801 2$bUkMaJRU 906 $aBOOK 912 $a9910141036803321 996 $aEcology & Wonder in the Canadian Rocky Mountain Parks World heritage Site$91802493 997 $aUNINA LEADER 04218nam 2200721Ia 450 001 9910780324503321 005 20230110224213.0 010 $a0-292-77937-2 010 $a0-292-79915-2 024 7 $a10.7560/731219 035 $a(CKB)111090425017230 035 $a(OCoLC)55889846 035 $a(CaPaEBR)ebrary10190649 035 $a(SSID)ssj0000171929 035 $a(PQKBManifestationID)11155786 035 $a(PQKBTitleCode)TC0000171929 035 $a(PQKBWorkID)10133223 035 $a(PQKB)10280439 035 $a(MdBmJHUP)muse19329 035 $a(Au-PeEL)EBL3443067 035 $a(CaPaEBR)ebr10190649 035 $a(Au-PeEL)EBL7171724 035 $a(MiAaPQ)EBC3443067 035 $a(MiAaPQ)EBC7171724 035 $a(DE-B1597)587205 035 $a(DE-B1597)9780292799158 035 $a(EXLCZ)99111090425017230 100 $a19990426d2000 uy 0 101 0 $aeng 135 $aurcn||||||||| 181 $ctxt$2rdacontent 182 $cc$2rdamedia 183 $acr$2rdacarrier 200 10$aHistory and silence $epurge and rehabilitation of memory in late antiquity /$fCharles W. Hedrick, Jr 205 $aFirst edition. 210 1$aAustin :$cUniversity of Texas Press,$d2000. 215 $a1 online resource (xxvi, 338 pages) $cillustrations 300 $aBibliographic Level Mode of Issuance: Monograph 311 0 $a0-292-73121-3 320 $aIncludes bibliographical references (p. [301]-320) and indexes. 327 $tFrontmatter -- $tCONTENTS -- $tLIST OF ILLUSTRATIONS -- $tPREFACE -- $tACKNOWLEDGMENTS -- $tCHAPTER 1 A PALIMPSEST -- $tCHAPTER 2 CURSUS AND CAREER -- $tCHAPTER 3 UNSPEAKABLE PAGANISM? -- $tCHAPTER 4 REMEMBERING TO FORGET The Damnatio Memoriae -- $tCHAPTER 5 SILENCE, TRUTH, AND DEATH The Commemorative Function of History -- $tCHAPTER 6 REHABILITATING THE TEXT Proofreading and the Past -- $tCHAPTER 7 SILENCE AND AUTHORITY Politics and Rehabilitation -- $tAPPENDIX Concerning the Text of CIL 6.1783 -- $tNOTES -- $tLIST OF ABBREVIATIONS -- $tSECONDARY WORKS CITED -- $tGENERAL INDEX -- $tINDEX LOCORUM 330 $aThe ruling elite in ancient Rome sought to eradicate even the memory of their deceased opponents through a process now known as damnatio memoriae. These formal and traditional practices included removing the person's name and image from public monuments and inscriptions, making it illegal to speak of him, and forbidding funeral observances and mourning. Paradoxically, however, while these practices dishonored the person's memory, they did not destroy it. Indeed, a later turn of events could restore the offender not only to public favor but also to re-inclusion in the public record. This book examines the process of purge and rehabilitation of memory in the person of Virius Nicomachus Flavianus(?-394). Charles Hedrick describes how Flavian was condemned for participating in the rebellion against the Christian emperor Theodosius the Great?and then restored to the public record a generation later as members of the newly Christianized senatorial class sought to reconcile their pagan past and Christian present. By selectively remembering and forgetting the actions of Flavian, Hedrick asserts, the Roman elite honored their ancestors while participating in profound social, cultural, and religious change. 606 $aInscriptions, Latin$zItaly$zRome 606 $aPalimpsests$zItaly$zRome 606 $aMemory$xSocial aspects$zItaly$zRome$xHistory 606 $aMonuments$xConservation and restoration$zItaly$zRome$xHistory 606 $aElite (Social sciences)$zItaly$zRome$xHistoriography 607 $aForum of Trajan (Rome, Italy) 607 $aRome$xPolitics and government$y284-476$xHistoriography 615 0$aInscriptions, Latin 615 0$aPalimpsests 615 0$aMemory$xSocial aspects$xHistory. 615 0$aMonuments$xConservation and restoration$xHistory. 615 0$aElite (Social sciences)$xHistoriography. 676 $a937 700 $aHedrick$b Charles W.$f1956-$0223483 801 0$bMiAaPQ 801 1$bMiAaPQ 801 2$bMiAaPQ 906 $aBOOK 912 $a9910780324503321 996 $aHistory and silence$9708425 997 $aUNINA LEADER 01678nam a22003017i 4500 001 991003152619707536 005 20250430125950.0 008 120503s1784 it ae b 000 0 ita d 035 $ab1428909x-39ule_inst 035 $aCICOGNARA-4160$9ExL 040 $aBibl. Interfacoltà T. Pellegrino$bita 100 1 $aStern, Giovanni$d<1734-1794>$08228 245 10$aPiante elevazioni profili e spaccati degli edificj della villa suburbana di Giulio III Pontefice Massimo fuori la Porta Flaminia.$cMisurati e delineati da Giovanni Stern architetto romano. 260 $aIn Roma :$bper Antonio Fugoni,$c1784 300 $a115 p. :$bill., piante; $c87 cm. 500 $aDedica: "Alla Santità di Nsotro Signore Pio Sesto Pontefice massimo", pp. 3-4, c. A2. 500 $aLe tavole riportano anche la numerazione romana, I-XXX. 500 $aIncisioni calcografiche. 500 $aRiproduzione in microfiche dell'originale conservato presso la Biblioteca Apostolica Vaticana 700 1 $aBarbazza, Francesco$d 787 18$iLeopoldo Cicognara Program :$tBiblioteca Cicognara$h[microform] : literary sources in the history of art and kindred subjects 787 18$tCatalogo ragionato dei libri d'arte e d'antichità / Leopoldo Cicognara 907 $a.b1428909x$b01-04-22$c28-07-16 912 $a991003152619707536 945 $aLE002 SB Raccolta Cicognara, mcrf 3887$g0$lle002$pE0.00$rn$so $t11$u0$v0$w0$x0$y.i15760406$z28-07-16 996 $aPiante elevazioni profili e spaccati degli edificj della villa suburbana di Giulio III Pontefice Massimo fuori la Porta Flaminia$91390813 997 $aUNISALENTO 998 $ale002$b28-07-16$cm$dg $e-$fita$git $h0$i1